000
00381cam a2200169ua 4500
020
_c
Rs. 1.25
041
_a
mal
_h
082
_a
894.8124
_b
ONA/SA
100
_a
Onakkoor, George .
245
_a
Sahityasameepanam
260
_a
Kottayam :
_b
National bookstall ,
_c
1968.
300
_a
82 ; .
365
_a
Rs. 1.25
504
_a
942
_c
BK
999
_c
456
_d
456